[Event "Bastia blindfold rap 2nd"]
[Site "Bastia"]
[Date "2007.05.19"]
[Round "4"]
[White "Fournier, Gilles"]
[Black "Autran, Yann"]
[Result "0-1"]
[WhiteElo "1470"]
[BlackElo "1997"]
[PlyCount "20"]
[EventDate "2007.05.19"]
[EventType "swiss (rapid)"]
[EventRounds "5"]
[EventCountry "FRA"]
[SourceTitle "EXT 2008"]
[Source "ChessBase"]
[SourceDate "2007.11.25"]
[SourceVersion "1"]
[SourceVersionDate "2007.11.25"]
[SourceQuality "1"]

1. e4 d6 2. Nf3 Nf6 3. Nc3 e5 4. Bb5+ c6 5. Bc4 Be7 6. 0-0 b5 7. Bb3 a5 8. a3 0-0 9. Nxb5 cxb5 10. Qe2 Ba6 0-1